000 00334nam a2200145Ia 4500
008 230917s9999||||xx |||||||||||||| ||und||
040 _e144400
_aMAIN
041 _aEnglish
082 _a954.01 D137J
100 _aDahiya, B.S.
245 0 _aJat Pracheen shasak
260 _aSonipat
_bDahiyanam
300 _a365p. p.
942 _cBK
999 _c76314
_d76314